| 000 -LEADER |
| fixed length control field |
01659cam a2200349Mi 4500 |
| 001 - CONTROL NUMBER |
| control field |
915711 |
| 003 - CONTROL NUMBER IDENTIFIER |
| control field |
OCoLC |
| 005 - DATE AND TIME OF LATEST TRANSACTION |
| control field |
20241022102143.0 |
| 008 - FIXED-LENGTH DATA ELEMENTS--GENERAL INFORMATION |
| fixed length control field |
230310s2022 enk 000 f eng d |
| 020 ## - INTERNATIONAL STANDARD BOOK NUMBER |
| International Standard Book Number |
9780008537777 |
| Qualifying information |
(paperback) |
| 020 ## - INTERNATIONAL STANDARD BOOK NUMBER |
| International Standard Book Number |
0008537771 |
| 035 ## - SYSTEM CONTROL NUMBER |
| System control number |
(OCoLC)1357141209 |
| 040 ## - CATALOGING SOURCE |
| Original cataloging agency |
NLGGC |
| Modifying agency |
YMG |
| -- |
KH8 |
| Language of cataloging |
dut |
| Description conventions |
rda |
| Transcribing agency |
NLGGC |
| 042 ## - AUTHENTICATION CODE |
| Authentication code |
nbic |
| 050 #4 - LIBRARY OF CONGRESS CALL NUMBER |
| Classification number |
PR6039.O32 |
| Item number |
.T577 2022 |
| 082 ## - DEWEY DECIMAL CLASSIFICATION NUMBER |
| Classification number |
FIC TOL |
| 090 ## - LOCALLY ASSIGNED LC-TYPE CALL NUMBER (OCLC); LOCAL CALL NUMBER (RLIN) |
| Classification number (OCLC) (R) ; Classification number, CALL (RLIN) (NR) |
PR6039.O32 |
| Local cutter number (OCLC) ; Book number/undivided call number, CALL (RLIN) |
.T577 2022 |
| 100 1# - MAIN ENTRY--PERSONAL NAME |
| Personal name |
Tolkien, J.R.R. |
| Fuller form of name |
(John Ronald Reuel), |
| Dates associated with a name |
1892 1973. |
| Relationship |
author. |
| 245 14 - TITLE STATEMENT |
| Title |
The fellowship of the ring : |
| Remainder of title |
being the first part of The Lord of the Rings / |
| Statement of responsibility, etc. |
by J.R.R. Tolkien. |
| 260 ## - PUBLICATION, DISTRIBUTION, ETC. |
| Place of publication, distribution, etc. |
London : |
| Name of publisher, distributor, etc. |
HarperCollinsPublishers, |
| Date of publication, distribution, etc. |
2022. |
| 300 ## - PHYSICAL DESCRIPTION |
| Extent |
XXVII, 531 pages : |
| Other physical details |
maps ; |
| Dimensions |
18 cm. |
| 336 ## - CONTENT TYPE |
| Content type term |
tekst |
| Content type code |
txt |
| Source |
rdacontent/dut. |
| 337 ## - MEDIA TYPE |
| Media type term |
zonder medium |
| Media type code |
n |
| Source |
rdamedia/dut. |
| 338 ## - CARRIER TYPE |
| Carrier type term |
band |
| Carrier type code |
nc |
| Source |
rdacarrier/dut. |
| 490 0# - SERIES STATEMENT |
| Series statement |
The lord of the rings ; |
| Volume/sequential designation |
part 1. |
| 501 ## - WITH NOTE |
| With note |
First published in Great Britain : George Allen and Unwin, 1954. Second edition: 1966<br/>"This edition is based on the reset edition first published 2014, which is a revised edition of the reset edition first published 2004"--Copyright page |
| 520 2# - SUMMARY, ETC. |
| Summary, etc. |
In a sleepy village in the Shire, a young hobbit is entrusted with an immense task. He must make a perilous journey across Middle-earth to the Cracks of Doom, there to destroy the Ruling Ring of Power--the only thing that prevents the Dark Lord Sauron's evil dominion. |
| 650 #0 - SUBJECT ADDED ENTRY--TOPICAL TERM |
| Topical term or geographic name entry element |
Middle Earth (Imaginary place) |
| General subdivision |
Fiction. |
| 650 #0 - SUBJECT ADDED ENTRY--TOPICAL TERM |
| Topical term or geographic name entry element |
Fantasy fiction, English. |
| 650 #0 - SUBJECT ADDED ENTRY--TOPICAL TERM |
| Topical term or geographic name entry element |
Baggins, Frodo (Fictitious character) |
| General subdivision |
Fiction. |
| 942 ## - ADDED ENTRY ELEMENTS (KOHA) |
| Source of classification or shelving scheme |
|
| Koha item type |
Books - Fiction |